| 000 | 01410cam a2200337 a 4500 | ||
|---|---|---|---|
| 090 | _c10242 | ||
| 001 | 14034547 | ||
| 005 | 20060721150359.0 | ||
| 008 | 050713s2006 caua b 001 0 eng | ||
| 010 | _a 2005930626 | ||
| 020 | _a9780495010852 : | ||
| 020 | _a0495010855 : | ||
| 040 |
_aDLC _cDLC |
||
| 050 | 0 | 0 |
_aTJ163.9 _b.H55 2006 |
| 082 |
_221 _a621.042 _bHIN |
||
| 100 | 1 |
_aHinrichs, Roger, _d1941- |
|
| 245 | 1 | 0 |
_aEnergy : _bits use and the environment / _cRoger A. Hinrichs, Merlin Kleinbach. |
| 250 | _a4th ed. | ||
| 260 |
_aBelmont, CA : _bThomson, Brooks/Cole,2006. _cc2006. |
||
| 300 |
_axviii, 595 p. : _bill., maps ; _c24 cm. |
||
| 500 | _aDistributer: Bacca. | ||
| 504 | _aIncludes bibliographical references and index. | ||
| 650 | 0 | _aPower (Mechanics) | |
| 650 | 0 | _aPower resources. | |
| 700 | 1 | _aKleinbach, Merlin H. | |
| 942 |
_2ddc _cBB |
||
| 999 |
_c10242 _d10242 |
||